SAC News (Record no. 119201)

MARC details
000 -LEADER
fixed length control field 00742cas a22002055a 4500
001 - CONTROL NUMBER
control field E145398
008 - FIXED-LENGTH DATA ELEMENTS--GENERAL INFORMATION
fixed length control field 081003n xxkbr p 0 a0eng u
035 ## - SYSTEM CONTROL NUMBER
System control number (Sirsi) u145398
041 0# - LANGUAGE CODE
Language code of text/sound track or separate title eng
110 2# - MAIN ENTRY--CORPORATE NAME
Corporate name or jurisdiction name as entry element Scottish Agricultural College
9 (RLIN) 3388
245 00 - TITLE STATEMENT
Title SAC News
Medium [electronic resource]
260 ## - PUBLICATION, DISTRIBUTION, ETC.
Place of publication, distribution, etc. Edinburgh
Name of publisher, distributor, etc. Scottish Agricultural College
Date of publication, distribution, etc. [199-?]-
362 0# - DATES OF PUBLICATION AND/OR SEQUENTIAL DESIGNATION
Dates of publication and/or sequential designation 8(4) July 1998-15(2) Royal Highland Show Edition 2005
520 ## - SUMMARY, ETC.
Summary, etc. SAC News now available as an e-newsletter: see www.sac.ac.uk.
554 ## -
-- Six per year
651 #4 - SUBJECT ADDED ENTRY--GEOGRAPHIC NAME
Geographic name Scotland
Chronological subdivision 1999-
690 ## - LOCAL SUBJECT ADDED ENTRY--TOPICAL TERM (OCLC, RLIN)
Topical term or geographic name as entry element ENVIRONMENTAL AND LAND CONSULTANCY-AGRIBUSINESS-AGRICULTURE
856 40 - ELECTRONIC LOCATION AND ACCESS
Uniform Resource Identifier <a href="https://www.sac.ac.uk/news/">https://www.sac.ac.uk/news/</a>
Public note View SAC News free of charge at www.sac.ac.uk...
942 ## - ADDED ENTRY ELEMENTS (KOHA)
Suppress in OPAC 0
Holdings
Withdrawn status Lost status Source of classification or shelving scheme Damaged status Not for loan Home library Current library Shelving location Date acquired Total Checkouts Full call number Barcode Date last seen Price effective from Koha item type
    Dewey Decimal Classification     Virtual Virtual Online 03/10/2008   ONLINE PUBLICATION 145398-2001 06/08/2019 06/08/2019 Journal